TOP 10 des pays qui ont fait le plus la guerre dans l’Histoire - Statistiques

Statistiques générales
  • Ce quiz a été pris 232 fois
  • Le résultat moyen est 9 sur 10
Statistiques - réponses
Nombre estimé de guerres Pays % Correct
+250 France
99%
+80 Allemagne
97%
+70 Russie/URSS
97%
+50 Chine
92%
+45 Italie
91%
+30 Espagne
89%
+35 Japon
88%
+230 Royaume-Uni
84%
+100 États-Unis
69%
+40 Empire ottoman/Turquie
62%
Aucun quiz correspondant
Distribution des résultats
% des personnes avec chaque résultat
Percentile par nombre de réponses
Votre historique - résultats
Vous n’avez pas pris ce quiz